[Event "Mondiale Lampo FIDE 2019"]
[Site "Mosca"]
[Date "29.12.2019"]
[Round "9.23"]
[White "Kamsky, Gata"]
[Black "Safarli, Eltaj"]
[Result "1/2-1/2"]
[WhiteTitle "GM"]
[BlackTitle "GM"]
[WhiteElo "2677"]
[BlackElo "2601"]
[WhiteFideId "2000024"]
[BlackFideId "13402129"]
[EventDate "2019.12.29"]

1. d4 Nf6 2. Nf3 g6 3. Bf4 Bg7 4. c3 O-O 5. Nbd2 d6 6. e4 c5 7. dxc5 dxc5 8. h3
Nc6 9. Be2 b6 10. O-O Nh5 11. Bh2 Bh6 12. Bb5 Bb7 13. Re1 Bf4 14. Bf1 Bxh2+ 15.
Kxh2 Qc7+ 16. g3 Rad8 17. Qe2 Ne5 18. Nxe5 Qxe5 19. Nf3 Qc7 20. Bg2 e5 21. Qe3
Qe7 22. a4 Bc6 23. a5 b5 24. b4 c4 25. Rad1 Nf6 26. Qg5 Rxd1 27. Rxd1 Re8 28.
Nd2 Rd8 29. Re1 Ng4+ 30. Qxg4 Rxd2 31. Qc8+ Be8 32. Kg1 Kg7 33. Qb8 Rd3 34. Re3
Rxe3 35. fxe3 f6 36. h4 1/2-1/2

[Event "Mondiale Lampo FIDE 2019"]
[Site "Mosca"]
[Date "29.12.2019"]
[Round "9.24"]
[White "Sakaev, Konstantin"]
[Black "Zhigalko, Sergei"]
[Result "1/2-1/2"]
[WhiteTitle "GM"]
[BlackTitle "GM"]
[WhiteElo "2596"]
[BlackElo "2571"]
[WhiteFideId "4104226"]
[BlackFideId "13502956"]
[EventDate "2019.12.29"]

1. d4 Nf6 2. c4 e6 3. Nf3 b6 4. a3 Bb7 5. Bf4 d5 6. cxd5 Nxd5 7. Bg3 Nd7 8. Nbd2
N5f6 9. e3 Bd6 10. Nc4 Qe7 11. Nxd6+ cxd6 12. Be2 O-O 13. O-O Ne4 14. Rc1 Nxg3
15. hxg3 Nf6 16. Qa4 a6 17. Nd2 e5 18. dxe5 dxe5 19. Bf3 b5 20. Qa5 Rac8 21.
Bxb7 Qxb7 22. Nf3 e4 23. Nd4 Ng4 24. Qb4 Qd5 25. Qe7 Qh5 26. Qh4 Qxh4 27. gxh4
Ne5 28. Nf5 Rcd8 29. Ne7+ Kh8 30. Nc6 Nxc6 31. Rxc6 Rd2 32. b4 Ra8 33. Rfc1 g6
34. Rc8+ Rxc8 35. Rxc8+ Kg7 36. Rc6 a5 37. bxa5 Rd3 38. Rb6 Rb3 39. g4 h6 40. g5
hxg5 41. hxg5 Kf8 42. Rb7 Rxa3 43. Rxb5 Ke7 44. Kg2 Ke6 45. Kg3 Ra2 46. Kg2 Ra3
47. Kh3 Ra1 48. Kg4 Ra2 49. Kg3 Kd6 50. Kf4 Rxf2+ 51. Kxe4 Ra2 52. Rb6+ Kc5 53.
Rf6 Rxa5 54. Rxf7 Kd6 55. Rf6+ Ke7 56. Rxg6 Kf7 57. Rf6+ Kg7 58. Kf4 Ra1 59. e4
Rg1 60. Ra6 Rf1+ 61. Ke5 Rg1 62. g6 Rg5+ 63. Kd4 Rh5 64. e5 Rh1 65. Kd5 Rd1+ 66.
Ke6 Kxg6 67. Ke7+ Kg7 68. e6 Re1 69. Ke8 Rb1 70. Ke7 Rb7+ 71. Kd6 Kf6 72. Ra1
Rb6+ 73. Kd7 Rb7+ 74. Kd6 Rb6+ 1/2-1/2

[Event "Mondiale Lampo FIDE 2019"]
[Site "Mosca"]
[Date "29.12.2019"]
[Round "9.25"]
[White "Wojtaszek, Radoslaw"]
[Black "Khusnutdinov, Rustam"]
[Result "1-0"]
[WhiteTitle "GM"]
[BlackTitle "GM"]
[WhiteElo "2725"]
[BlackElo "2491"]
[WhiteFideId "1118358"]
[BlackFideId "13701703"]
[EventDate "2019.12.29"]

1. d4 Nf6 2. c4 e6 3. Nf3 d5 4. Nc3 dxc4 5. e3 a6 6. Bxc4 b5 7. Bd3 Bb7 8. Qe2
Nbd7 9. e4 Be7 10. O-O O-O 11. e5 Nd5 12. Qe4 g6 13. Qg4 c5 14. Bh6 Re8 15. Ne4
cxd4 16. Rad1 Qb6 17. h4 f5 18. exf6 N7xf6 19. Nxf6+ Nxf6 20. Qh3 Bc8 21. Ne5
Nd7 22. Nxg6 hxg6 23. Qg3 e5 24. Bxg6 Kh8 25. Bg7+ Kxg7 26. Bxe8+ Kh8 27. Rde1
Qf6 28. Bxd7 Bxd7 29. Rxe5 Bf5 30. Rfe1 Ra7 31. Qf4 Bg6 32. Qxd4 Kg8 33. Qxa7 1-0

[Event "Mondiale Lampo FIDE 2019"]
[Site "Mosca"]
[Date "29.12.2019"]
[Round "9.26"]
[White "Anton Guijarro, David"]
[Black "Timofeev, Artyom"]
[Result "1/2-1/2"]
[WhiteTitle "GM"]
[BlackTitle "GM"]
[WhiteElo "2685"]
[BlackElo "2588"]
[WhiteFideId "2285525"]
[BlackFideId "4140419"]
[EventDate "2019.12.29"]

1. Nf3 d5 2. b3 Nf6 3. Bb2 Nbd7 4. c4 dxc4 5. bxc4 g6 6. g3 Bg7 7. Bg2 O-O 8.
O-O c6 9. d4 Ne4 10. Nbd2 Ndf6 11. e3 Bf5 12. Nxe4 Bxe4 13. a4 Qc8 14. Qb3 c5
15. d5 Ne8 16. Bxg7 Kxg7 17. Qc3+ Kg8 18. Nd2 Bxg2 19. Kxg2 Nd6 20. e4 Qg4 21.
f3 Qh5 22. f4 e6 23. e5 Nf5 24. Qf3 Qxf3+ 25. Rxf3 Nd4 26. Rd3 Rad8 27. Ne4 b6
28. d6 f6 29. Nxf6+ Rxf6 30. exf6 Kf7 31. a5 Kxf6 32. axb6 axb6 33. Ra7 h5 34.
d7 b5 35. cxb5 Nxb5 36. Ra5 c4 37. Rd1 Nc3 38. Rc1 Nd5 39. Ra7 c3 40. Kf3 Ke7
41. Ke4 Rb8 42. Kd4 Rb2 43. Re1 Rd2+ 44. Kc4 c2 45. Rc1 Rd1 46. Raa1 Ne3+ 47.
Kc3 Kxd7 48. Ra7+ Kd6 49. Rxc2 Nxc2 50. Kxc2 Rh1 51. Kd3 Rxh2 52. Rg7 Rg2 53.
Rxg6 h4 54. g4 h3 55. f5 h2 56. Rxe6+ Kd7 57. Rh6 Rxg4 58. Rxh2 Ke7 59. Ke3 Kf7
60. Rh6 Ra4 61. Re6 Rb4 62. Re4 1/2-1/2

[Event "Mondiale Lampo FIDE 2019"]
[Site "Mosca"]
[Date "29.12.2019"]
[Round "9.27"]
[White "Sethuraman, S.P."]
[Black "Iturrizaga Bonelli, Eduardo"]
[Result "0-1"]
[WhiteTitle "GM"]
[BlackTitle "GM"]
[WhiteElo "2638"]
[BlackElo "2597"]
[WhiteFideId "5021596"]
[BlackFideId "3901211"]
[EventDate "2019.12.29"]

1. e4 c5 2. Nf3 g6 3. c3 Nf6 4. e5 Nd5 5. d4 cxd4 6. Qxd4 Nc7 7. Bc4 Bg7 8. Qh4
h6 9. O-O Nc6 10. Re1 b5 11. Bb3 Bb7 12. Nbd2 Ne6 13. a4 a6 14. Qg3 b4 15. h4
bxc3 16. bxc3 Qc7 17. Nc4 Na5 18. Nxa5 Qxa5 19. Bd2 Qc7 20. h5 g5 21. Nd4 Rg8
22. a5 Rc8 23. Nxe6 fxe6 24. Bc2 Rf8 25. f4 Qc4 26. Rab1 Bc6 27. Bg6+ Kd8 28.
fxg5 hxg5 29. Bxg5 Qc5+ 30. Be3 Bxe5 31. Bxc5 Bxg3 32. Bb6+ Bc7 33. Rf1 Rh8 34.
Bxc7+ Kxc7 35. Rf7 Kd6 36. Rd1+ Bd5 37. Rd3 Rc4 38. Rg3 Ra4 39. Rh3 Rg4 40. Rf2
Rb8 41. Kh2 Rh8 42. Bd3 Ra4 43. h6 Rxa5 44. h7 Rc5 45. c4 Ba8 46. Rf7 Rcc8 47.
Rh4 Bc6 48. Rg7 a5 49. Bc2 a4 50. c5+ Ke5 51. Bxa4 Bxa4 52. Rxa4 Kf6 53. Rag4
Rxc5 54. R4g6+ Ke5 55. Rh6 Rcc8 56. Rxe7 Kd6 57. Rf7 Rce8 58. g4 Re7 59. Rxe7
Kxe7 60. Kg3 Kf7 61. Kf4 Kg7 62. Rh1 Rxh7 63. Rd1 Kf6 64. g5+ Kg6 65. Rg1 d6 66.
Rd1 Rf7+ 67. Ke4 Rd7 68. Kf4 e5+ 69. Ke4 Kxg5 70. Kd5 Kf6 71. Kc6 Rd8 72. Rh1 e4
73. Kd5 Re8 74. Rf1+ Kg5 75. Kd4 e3 76. Re1 e2 77. Kd3 Kf4 78. Rxe2 Rxe2 0-1

[Event "Mondiale Lampo FIDE 2019"]
[Site "Mosca"]
[Date "29.12.2019"]
[Round "9.28"]
[White "Zubov, Alexander"]
[Black "Yuffa, Daniil"]
[Result "1/2-1/2"]
[WhiteTitle "GM"]
[BlackTitle "GM"]
[WhiteElo "2601"]
[BlackElo "2566"]
[WhiteFideId "14109409"]
[BlackFideId "24131423"]
[EventDate "2019.12.29"]

1. d4 Nf6 2. Nf3 g6 3. Nbd2 Bg7 4. e4 d6 5. Bd3 O-O 6. O-O Nc6 7. Re1 e5 8. d5
Nb8 9. Nf1 Nbd7 10. Ng3 c6 11. c4 cxd5 12. cxd5 Nc5 13. Bc2 a5 14. h3 Bd7 15. b3
b5 16. a3 b4 17. Be3 Qc7 18. a4 Rac8 19. Rc1 Qb8 20. Nd2 Ne8 21. Bb1 Qb6 22. Rc4
Qa6 23. Bxc5 dxc5 24. Rc2 Nd6 25. Rc1 Bh6 26. Ngf1 Rc7 27. Qf3 Rfc8 28. Bd3 Qb6
29. Qe2 c4 30. Nxc4 Nxc4 31. Rxc4 Rxc4 32. Bxc4 Qd4 33. Rd1 Qc3 34. Rd3 Qc1 35.
d6 Rxc4 36. bxc4 Qxc4 37. Ne3 Qc1+ 38. Kh2 Qc6 39. Nd5 Qxd6 40. Nxb4 Qxb4 41.
Rxd7 Qxa4 42. Qd3 Bf8 43. Qd5 1/2-1/2

[Event "Mondiale Lampo FIDE 2019"]
[Site "Mosca"]
[Date "29.12.2019"]
[Round "9.29"]
[White "Vitiugov, Nikita"]
[Black "Bluebaum, Matthias"]
[Result "1-0"]
[WhiteTitle "GM"]
[BlackTitle "GM"]
[WhiteElo "2747"]
[BlackElo "2644"]
[WhiteFideId "4152956"]
[BlackFideId "24651516"]
[EventDate "2019.12.29"]

1. d4 Nf6 2. Bg5 d5 3. e3 c5 4. c3 Nc6 5. Nd2 cxd4 6. exd4 h6 7. Bxf6 gxf6 8.
Ne2 e5 9. g3 h5 10. Bg2 Be6 11. h4 Qd7 12. O-O Bh6 13. Nb3 b6 14. c4 Rd8 15.
cxd5 Bxd5 16. Bxd5 Qxd5 17. Nc3 Qd7 18. Qf3 Bg7 19. d5 Ne7 20. Rad1 Qg4 21. Kg2
f5 22. Qxg4 hxg4 23. f3 gxf3+ 24. Rxf3 e4 25. Rff1 Bxc3 26. bxc3 Nxd5 27. Kh3
Ne3 28. Rxd8+ Kxd8 29. Re1 Ng4 30. Nd4 Nf2+ 31. Kg2 Nd3 32. Rf1 f4 33. gxf4 Rxh4
34. Kg3 Rh8 35. Nc6+ Kd7 36. Ne5+ Nxe5 37. fxe5 Ke6 38. Kf4 Rh4+ 39. Ke3 Kxe5
40. Rxf7 Rh3+ 41. Kd2 Rh2+ 42. Ke3 Rxa2 43. Rh7 Kd5 44. Rc7 a5 45. c4+ Kd6 46.
Rc8 Rc2 47. Kxe4 Kd7 48. Rb8 Kc7 49. Kd3 Kxb8 50. Kxc2 Kb7 51. Kc3 Kc6 52. Kd4
Kd6 53. Kc3 Kc5 54. Kd3 a4 55. Kc3 a3 56. Kb3 a2 57. Kxa2 Kxc4 58. Ka3 b5 59.
Kb2 Kb4 60. Ka2 Kc3 61. Kb1 Kb3 62. Ka1 b4 63. Kb1 Ka3 64. Ka1 b3 65. Kb1 b2 1-0

[Event "Mondiale Lampo FIDE 2019"]
[Site "Mosca"]
[Date "29.12.2019"]
[Round "9.30"]
[White "Jakovenko, Dmitry"]
[Black "Rakhmanov, Aleksandr"]
[Result "1/2-1/2"]
[WhiteTitle "GM"]
[BlackTitle "GM"]
[WhiteElo "2698"]
[BlackElo "2645"]
[WhiteFideId "4122356"]
[BlackFideId "4173708"]
[EventDate "2019.12.29"]

1. e4 e5 2. Nf3 Nf6 3. Nxe5 d6 4. Nf3 Nxe4 5. d4 d5 6. Bd3 Bf5 7. O-O Be7 8. Nc3
Nxc3 9. bxc3 Bxd3 10. Qxd3 O-O 11. c4 dxc4 12. Qxc4 Nd7 13. a4 Nb6 14. Qd3 c5
15. a5 Nd5 16. dxc5 Bxc5 17. Bb2 Nf6 18. Qb5 b6 19. Rad1 Qe8 20. Qb3 Qe6 21. a6
Rfe8 22. Rfe1 Qf5 23. Qd3 Rxe1+ 24. Rxe1 Qxd3 25. cxd3 Nd5 26. Ne5 Nb4 27. d4
Bd6 28. Ra1 Bxe5 29. dxe5 Rd8 30. h3 h6 31. Bc3 Nc6 32. Rc1 Kf8 33. Bb2 Nb8 34.
Rc7 Nxa6 35. Rxa7 Nc5 36. Ba3 Rd3 37. Bxc5+ bxc5 38. Rc7 Rd5 39. f4 g5 40. g3
gxf4 41. gxf4 f6 42. exf6 Rf5 43. Kg2 Rxf4 1/2-1/2

[Event "Mondiale Lampo FIDE 2019"]
[Site "Mosca"]
[Date "29.12.2019"]
[Round "9.31"]
[White "Le, Quang Liem"]
[Black "Popov, Ivan RUS"]
[Result "1-0"]
[WhiteTitle "GM"]
[BlackTitle "GM"]
[WhiteElo "2713"]
[BlackElo "2636"]
[WhiteFideId "12401137"]
[BlackFideId "4170350"]
[EventDate "2019.12.29"]

1. e4 c6 2. d4 d5 3. e5 c5 4. dxc5 e6 5. a3 Qc7 6. Nf3 Bxc5 7. Bd3 Ne7 8. O-O
Ng6 9. Re1 Nc6 10. b4 Bb6 11. Bb2 Bd7 12. Nbd2 a5 13. b5 Nce7 14. c4 Bc5 15.
cxd5 Nxd5 16. Ne4 Be7 17. Rc1 Qb6 18. Bd4 Qd8 19. a4 O-O 20. g3 f6 21. Nc5 b6
22. Nxe6 Bxe6 23. exf6 Bxf6 24. Rxe6 Bxd4 25. Nxd4 Ndf4 26. Bxg6 Nxg6 27. Nc6
Qg5 28. Rc2 Nf4 29. Re5 Nh3+ 30. Kg2 Qh6 31. Rh5 Qg6 32. Ne7+ 1-0

[Event "Mondiale Lampo FIDE 2019"]
[Site "Mosca"]
[Date "29.12.2019"]
[Round "9.32"]
[White "Aronian, Levon"]
[Black "Bosiocic, Marin"]
[Result "1-0"]
[WhiteTitle "GM"]
[BlackTitle "GM"]
[WhiteElo "2775"]
[BlackElo "2623"]
[WhiteFideId "13300474"]
[BlackFideId "14507927"]
[EventDate "2019.12.29"]

1. c4 e6 2. Nc3 d5 3. d4 Nf6 4. cxd5 Nxd5 5. e4 Nxc3 6. bxc3 c5 7. Rb1 Be7 8.
Nf3 O-O 9. h4 b6 10. h5 h6 11. Bd3 cxd4 12. cxd4 e5 13. dxe5 Na6 14. Bc4 Qxd1+
15. Kxd1 Nc5 16. Bd5 Rd8 17. Nd4 Bb7 18. Ke2 Bxd5 19. exd5 Rxd5 20. Nc6 Bf8 21.
f4 Ne4 22. Kf3 Nc3 23. Rb3 Rc5 24. Nd4 Rd8 25. Be3 Rc4 26. Rc1 Rdc8 27. Nb5 Nxb5
28. Rxc4 Rxc4 29. Rxb5 Ra4 30. Rb2 Be7 31. Rc2 f5 32. g4 Ra3 33. gxf5 Bc5 34.
Re2 b5 35. Ke4 Bxe3 36. Rxe3 Rxa2 37. e6 Kf8 38. f6 gxf6 39. Kf5 Ra4 40. Rd3 a5
41. Rd8+ Ke7 42. Rd7+ Ke8 43. Rh7 Rc4 44. Rxh6 a4 45. Rh8+ Ke7 46. Rh7+ Ke8 47.
h6 a3 48. Ra7 b4 49. h7 1-0

[Event "Mondiale Lampo FIDE 2019"]
[Site "Mosca"]
[Date "29.12.2019"]
[Round "9.33"]
[White "Predke, Alexandr"]
[Black "Sarana, Alexey"]
[Result "1-0"]
[WhiteTitle "GM"]
[BlackTitle "GM"]
[WhiteElo "2676"]
[BlackElo "2663"]
[WhiteFideId "24107581"]
[BlackFideId "24133795"]
[EventDate "2019.12.29"]

1. Nf3 Nf6 2. c4 c5 3. Nc3 e6 4. g3 b6 5. Bg2 Bb7 6. O-O Be7 7. Re1 Ne4 8. Nxe4
Bxe4 9. d3 Bb7 10. e4 O-O 11. d4 cxd4 12. Nxd4 d6 13. b3 a6 14. Bb2 Nd7 15. e5
Bxg2 16. exd6 Bxd6 17. Kxg2 Qc7 18. Qf3 Ne5 19. Qe4 Rae8 20. Rad1 f5 21. Qe2 f4
22. Qe4 Re7 23. Kg1 fxg3 24. hxg3 Qc8 25. Kg2 Ref7 26. f4 Ng4 27. Nxe6 Bb4 28.
Rh1 1-0

[Event "Mondiale Lampo FIDE 2019"]
[Site "Mosca"]
[Date "29.12.2019"]
[Round "9.34"]
[White "Donchenko, Alexander"]
[Black "Dominguez Perez, Leinier"]
[Result "1/2-1/2"]
[WhiteTitle "GM"]
[BlackTitle "GM"]
[WhiteElo "2644"]
[BlackElo "2758"]
[WhiteFideId "24603295"]
[BlackFideId "3503240"]
[EventDate "2019.12.29"]

1. d4 Nf6 2. Nf3 e6 3. Bg5 Be7 4. e3 O-O 5. Bd3 b6 6. Nbd2 Bb7 7. h4 c5 8. c3
cxd4 9. cxd4 Nc6 10. a3 h6 11. Bxf6 Bxf6 12. g4 g6 13. g5 hxg5 14. h5 Ne7 15.
Rg1 Nf5 16. hxg6 fxg6 17. Nxg5 Bxg5 18. Qg4 Kg7 19. Qxg5 Qxg5 20. Rxg5 Kf6 21.
Rg4 Rh8 22. Ke2 Rac8 23. Rag1 Rh6 24. Ne4+ Bxe4 25. Bxe4 d5 26. Bd3 Ne7 27. R4g2
Nf5 28. Rg4 Rc7 29. Kd2 Ne7 30. R1g2 Nf5 31. Rg1 Ne7 32. R4g2 Nf5 33. f3 Rch7
34. Bxf5 exf5 35. Rc1 Re7 36. Rc6+ Re6 37. Rc7 Rh3 38. Rf2 a5 39. Rd7 Kg5 40.
Rxd5 Kh4 41. Re5 Rxe5 42. dxe5 Kg3 43. Ke2 g5 44. f4 g4 45. e4 Rh2 46. Rxh2 1/2-1/2

[Event "Mondiale Lampo FIDE 2019"]
[Site "Mosca"]
[Date "29.12.2019"]
[Round "9.35"]
[White "Gelfand, Boris"]
[Black "Carlsson, Pontus"]
[Result "1-0"]
[WhiteTitle "GM"]
[BlackTitle "GM"]
[WhiteElo "2684"]
[BlackElo "2456"]
[WhiteFideId "2805677"]
[BlackFideId "1705814"]
[EventDate "2019.12.29"]

1. e4 c5 2. Nc3 d6 3. Nge2 a6 4. g3 g6 5. Bg2 Bg7 6. O-O Nc6 7. d3 e6 8. Be3
Nge7 9. d4 cxd4 10. Nxd4 O-O 11. Qd2 Qc7 12. Rad1 Rd8 13. a4 Nxd4 14. Bxd4 e5
15. Be3 Bg4 16. Ra1 Rac8 17. a5 Qc6 18. Rfc1 h5 19. Bh6 Qc4 20. Ra4 Qc5 21. Be3
Qc6 22. Rb4 Be6 23. Nd5 Bxd5 24. exd5 Qd7 25. c4 Re8 26. Rb6 Nf5 27. Bh3 e4 28.
b4 Bf8 29. c5 dxc5 30. bxc5 Re5 31. d6 g5 32. Bxf5 Qxf5 33. Rxb7 Rd5 34. Qe2 h4
35. g4 Qe6 36. h3 Rd3 37. Rcb1 Qd5 38. Rb8 Rxb8 39. Rxb8 Kg7 40. Qb2+ f6 41.
Qb7+ Qxb7 42. Rxb7+ Kg6 43. d7 f5 44. gxf5+ Kxf5 45. c6 Ke6 46. Rb8 Be7 47. c7 1-0

[Event "Mondiale Lampo FIDE 2019"]
[Site "Mosca"]
[Date "29.12.2019"]
[Round "9.36"]
[White "Cheparinov, Ivan"]
[Black "Gajewski, Grzegorz"]
[Result "1/2-1/2"]
[WhiteTitle "GM"]
[BlackTitle "GM"]
[WhiteElo "2687"]
[BlackElo "2626"]
[WhiteFideId "2905540"]
[BlackFideId "1116207"]
[EventDate "2019.12.29"]

1. Nf3 d5 2. d4 Nf6 3. c4 e6 4. Nc3 Bb4 5. cxd5 exd5 6. Bg5 h6 7. Bh4 O-O 8. e3
Bf5 9. Qb3 Bxc3+ 10. bxc3 Nbd7 11. Be2 c5 12. dxc5 Nxc5 13. Qb4 Rc8 14. O-O Qe7
15. Rfd1 Rfd8 16. Nd4 Bd7 17. c4 dxc4 18. Bxc4 g5 19. Bg3 Nfe4 20. Rac1 Nxg3 21.
hxg3 b6 22. Qb1 Qf6 23. Be2 Re8 24. Bf3 Rcd8 25. Qb4 Ba4 26. Rd2 Bd7 27. Rcd1
Ba4 28. Rc1 Bd7 29. Nb3 Nxb3 30. axb3 Be6 31. Rcd1 Rxd2 32. Rxd2 Rd8 33. Ra2 Rd7
34. g4 Qe5 35. g3 Kg7 36. Kg2 Qc5 37. Qxc5 bxc5 38. Ra5 Rc7 39. Rb5 a6 40. Rb6
a5 41. Be2 Rd7 42. Rb5 Rd2 43. Bc4 Bxc4 44. bxc4 Rc2 45. Rxc5 a4 46. Kf3 Kg6 47.
Rc6+ Kg7 48. c5 a3 49. Ra6 a2 50. c6 Rxc6 51. Rxa2 Rc4 52. Ra5 Rc2 53. Rd5 Ra2
54. Rf5 Rb2 55. Ke4 Rb4+ 56. Kf3 Rb2 57. Rd5 Ra2 58. Rd1 Rb2 59. Re1 Ra2 60. Re2
Ra3 61. Rb2 Rc3 62. Ke4 Rc4+ 63. Kf3 Rc3 64. Ke2 Rc4 65. f3 Rc3 66. Rd2 Ra3 1/2-1/2

[Event "Mondiale Lampo FIDE 2019"]
[Site "Mosca"]
[Date "29.12.2019"]
[Round "9.37"]
[White "Pigusov, Evgeny"]
[Black "Indjic, Aleksandar"]
[Result "0-1"]
[WhiteTitle "GM"]
[BlackTitle "GM"]
[WhiteElo "2555"]
[BlackElo "2619"]
[WhiteFideId "4100514"]
[BlackFideId "911925"]
[EventDate "2019.12.29"]

1. Nf3 c5 2. c4 Nc6 3. Nc3 g6 4. g3 Bg7 5. Bg2 d6 6. O-O h5 7. a3 Bf5 8. d3 Qd7
9. h4 Bh3 10. Bd2 Nf6 11. Rb1 b6 12. b4 Bxg2 13. Kxg2 O-O 14. Qa4 Qb7 15. Nd5
Nd4 16. Nxd4 cxd4 17. Kg1 Nxd5 18. cxd5 Qxd5 19. Rfc1 Rfc8 20. Qd7 Qe6 21. Qxe6
fxe6 22. Rxc8+ Rxc8 23. Rc1 Rxc1+ 24. Bxc1 b5 25. Kg2 Kf7 26. Bd2 e5 27. f3 Bf6
28. Kh3 Ke6 29. g4 d5 30. Kg3 e4 31. fxe4 dxe4 32. dxe4 hxg4 33. Kxg4 0-1

[Event "Mondiale Lampo FIDE 2019"]
[Site "Mosca"]
[Date "29.12.2019"]
[Round "9.38"]
[White "Gareyev, Timur"]
[Black "Riazantsev, Alexander"]
[Result "1-0"]
[WhiteTitle "GM"]
[BlackTitle "GM"]
[WhiteElo "2598"]
[BlackElo "2639"]
[WhiteFideId "14200937"]
[BlackFideId "4125029"]
[EventDate "2019.12.29"]

1. d4 d5 2. c4 e6 3. Nc3 Nf6 4. cxd5 exd5 5. Bg5 Bb4 6. Qa4+ Nc6 7. e3 h6 8.
Bxf6 Qxf6 9. Bb5 O-O 10. Bxc6 Bxc3+ 11. bxc3 bxc6 12. Nf3 Bf5 13. Ne5 c5 14. Qc6
cxd4 15. cxd4 Qg5 16. Qxd5 Rad8 17. Qf3 c5 18. O-O cxd4 19. Nc6 Rd6 20. Nxd4 Bg6
21. Rfc1 Re8 22. Qg3 Qxg3 23. hxg3 Ra6 24. a4 Re5 25. Nc6 Re6 26. Nb4 Ra5 27.
Nc6 Ra6 28. Nd4 Re5 29. g4 Kh7 30. Rc6 Raa5 31. f4 Rxe3 32. f5 Re4 33. fxg6+
fxg6 34. Ne6 Rae5 35. Nf8+ Kg8 36. Nxg6 Rg5 37. Rc8+ Kf7 38. Nh8+ Ke7 39. Rac1
Rexg4 40. R8c7+ Ke6 41. R7c6+ Kd7 42. Rc7+ Ke6 43. R1c6+ Kd5 44. Rc5+ Kd4 45.
Rxg5 Rxg5 46. Rxa7 Kc4 47. Nf7 Rd5 48. Nh8 Rg5 49. Kf2 Kb4 50. Nf7 Rf5+ 51. Ke3
Rd5 52. Ke4 Rd2 53. g4 g6 54. Nxh6 1-0

[Event "Mondiale Lampo FIDE 2019"]
[Site "Mosca"]
[Date "29.12.2019"]
[Round "9.39"]
[White "Yanchenko, Roman"]
[Black "Grachev, Boris"]
[Result "1-0"]
[WhiteTitle "FM"]
[BlackTitle "GM"]
[WhiteElo "2463"]
[BlackElo "2614"]
[WhiteFideId "4137329"]
[BlackFideId "4129199"]
[EventDate "2019.12.29"]

1. d4 d5 2. c4 e6 3. Nf3 Nf6 4. Nc3 a6 5. cxd5 exd5 6. Bf4 c5 7. e3 c4 8. Be2
Be7 9. O-O b5 10. Ne5 O-O 11. b3 b4 12. Na4 c3 13. a3 Bf5 14. Nc5 bxa3 15. Rxa3
Nfd7 16. b4 Nxe5 17. Bxe5 Nc6 18. Rxc3 Nxb4 19. Qa4 a5 20. Bb5 Qb6 21. Bd7 Bxc5
22. dxc5 Bxd7 23. Qxd7 Qc6 24. Qg4 f6 25. Bd4 Qc8 26. Qf3 Qe6 27. Ra1 Nc6 28. h3
Rfb8 29. Rd3 Qe4 30. Qd1 h6 31. Bc3 Rd8 32. Rd2 Qc4 33. Bd4 Rdb8 34. Qg4 Nxd4
35. Rxd4 Qxc5 36. Qe6+ Kh8 37. Rxd5 Qc8 38. Qxc8+ Rxc8 39. Rdxa5 Rxa5 40. Rxa5
Kh7 41. g3 Kg6 42. Kg2 h5 43. g4 hxg4 44. hxg4 Rc4 45. Kg3 Rb4 46. Rd5 Ra4 47.
Rd4 Ra3 48. Kf3 Rb3 49. Kf4 Rb7 50. Kg3 Rb3 51. Re4 Ra3 52. Re7 Rb3 53. f4 Ra3
54. Kf3 Ra1 55. Re8 Rf1+ 56. Kg2 Re1 57. Kf2 Ra1 58. Re7 Rb1 59. f5+ Kh6 60. e4
Rb3 61. e5 fxe5 62. Re6+ Kh7 63. g5 Rb8 64. Kg3 Kg8 65. Kg4 Kh7 66. Rxe5 Rb4+
67. Kf3 Rb3+ 68. Re3 Rb5 69. Kf4 Rb4+ 70. Re4 Rb1 71. Rd4 Rf1+ 72. Ke5 Re1+ 73.
Re4 Rg1 74. Rh4+ Kg8 75. g6 Ra1 76. Rd4 Ra5+ 77. Ke6 Ra8 78. Ke7 Ra7+ 79. Rd7
Rxd7+ 80. Kxd7 Kf8 81. Kd8 Kg8 82. Ke7 Kh8 83. f6 1-0

[Event "Mondiale Lampo FIDE 2019"]
[Site "Mosca"]
[Date "29.12.2019"]
[Round "9.40"]
[White "Fridman, Daniel"]
[Black "Sadhwani, Raunak"]
[Result "0-1"]
[WhiteTitle "GM"]
[BlackTitle "IM"]
[WhiteElo "2616"]
[BlackElo "2507"]
[WhiteFideId "11600454"]
[BlackFideId "35093487"]
[EventDate "2019.12.29"]

1. d4 Nf6 2. Nf3 g6 3. g3 Bg7 4. Bg2 c5 5. c4 cxd4 6. Nxd4 O-O 7. Nc3 Nc6 8. O-O
Qa5 9. e3 d6 10. Bd2 Qb6 11. Nb3 Bg4 12. Qe1 Ne5 13. f3 Be6 14. c5 dxc5 15. Na4
Qc7 16. Naxc5 Bc4 17. Rf2 b6 18. f4 bxc5 19. fxe5 Ng4 20. Rf4 Nxe5 21. Bxa8 Rxa8
22. Nc1 g5 23. Rf2 Qb7 24. Qd1 Rd8 25. Qc2 Nf3+ 26. Rxf3 Qxf3 27. Nb3 Bd5 0-1

[Event "Mondiale Lampo FIDE 2019"]
[Site "Mosca"]
[Date "29.12.2019"]
[Round "9.41"]
[White "Ganguly, Surya Shekhar"]
[Black "Alekseev, Evgeny"]
[Result "1/2-1/2"]
[WhiteTitle "GM"]
[BlackTitle "GM"]
[WhiteElo "2633"]
[BlackElo "2620"]
[WhiteFideId "5002150"]
[BlackFideId "4138147"]
[EventDate "2019.12.29"]

1. e4 c5 2. Nf3 e6 3. Nc3 Nc6 4. d4 cxd4 5. Nxd4 a6 6. Nxc6 bxc6 7. Bd3 Qc7 8.
O-O Nf6 9. b3 d5 10. Bb2 Bd6 11. h3 O-O 12. Qe2 Bb7 13. Na4 Nxe4 14. Bxe4 dxe4
15. Qxe4 c5 16. Qe2 Qc6 17. f3 c4 18. Rfd1 Rfd8 19. Be5 Bf8 20. Rxd8 Rxd8 21.
Rd1 Rxd1+ 22. Qxd1 f6 23. Bg3 e5 24. Qe2 Bc8 25. Qxc4+ Qxc4 26. bxc4 Bf5 27. Bf2
Bxc2 28. Nb6 Be7 29. c5 Bd8 30. c6 Bxb6 31. Bxb6 Ba4 32. c7 Bd7 33. Kf2 Kf7 34.
Ke3 Ke6 35. Ke4 1/2-1/2

[Event "Mondiale Lampo FIDE 2019"]
[Site "Mosca"]
[Date "29.12.2019"]
[Round "9.42"]
[White "Antipov, Mikhail Al."]
[Black "Adhiban, Baskaran"]
[Result "1/2-1/2"]
[WhiteTitle "GM"]
[BlackTitle "GM"]
[WhiteElo "2549"]
[BlackElo "2654"]
[WhiteFideId "4107012"]
[BlackFideId "5018471"]
[EventDate "2019.12.29"]

1. e4 e5 2. Nf3 Nc6 3. Bc4 Nf6 4. d3 Bc5 5. O-O a6 6. a4 d6 7. c3 Ba7 8. Re1 Ng4
9. Re2 Qf6 10. b4 O-O 11. Nbd2 Qg6 12. Nf1 Kh8 13. Ng3 Be6 14. Rb2 b5 15. Bxe6
fxe6 16. Nh4 Qf6 17. Qxg4 Bxf2+ 18. Kh1 Be1 19. Be3 Bxc3 20. Rf2 Qxf2 21. Bxf2
Bxa1 22. Be1 bxa4 23. Qxe6 Nd4 24. Qa2 Nb3 25. Qxa4 Nc1 26. Qxa1 Nxd3 27. Nf3
Rab8 28. Qb1 Nf4 29. Qa2 Rb6 30. Bd2 Nd3 31. Qa3 Nf2+ 32. Kg1 Ng4 33. h3 Nf6 34.
Be3 Rc6 35. Qa4 Rc3 36. Bd2 Rd3 37. Qxa6 Rb3 38. Qa2 Rd3 39. Qc4 Ra3 40. Qxc7
Kg8 41. Qxd6 Ra1+ 42. Kh2 h6 43. Nxe5 Re8 44. b5 Rd1 45. b6 1/2-1/2